000 00931nam a22002415i 4500
001 152294
003 ES-MaACL
005 20230906204628.0
008 051014m18611867it af | |||||||| ||ita d
040 _aCAM
_bspa
_cCAM
100 1 _aBoggio, Pier Carlo.
_929802
245 1 0 _aStoria politico-militare della guerra dell'indipendenza italiana (1859-1860) /
_ccompilata ... Pier Carlo Boggio.
250 _a2ª ed.
260 _aTorino :
_b[s.n.],
_c1861-1867 (
_fTipografia Scolastica di Sebastiano Franco e Figli e Comp.)
300 _a3 v., lám. ;
_c28 cm.
597 _aT. I. 1861 (618 p.) -- T. II. 1865 (611 p.) -- T. III. 1867 (439 p.)
599 _aLas h. de lám. lit., retratos y alegóricas.
651 4 _aItalia-
_xHistoria-
_y1859-1860.
_9221842
700 1 _aFranco, Sebastiano e Figli,
_eimp.
_9127143
752 _aItalia -
_dTurín
852 _aES-MaACL
_jG-3011-3013
_z-- Enc. hol.
999 _c152294
_d152294